| 000 | 00720nam a2200181Ia 4500 | ||
|---|---|---|---|
| 008 | 090201s9999 xx 000 0 und d | ||
| 010 | _aKPL-67479 | ||
| 040 | _bमराठी | ||
| 041 | _aमराठी | ||
| 082 |
_a44730 _b67479 |
||
| 100 | _a भातखंडे विष्णु नारायण | ||
| 245 |
_aहिंदुस्थानी संगीत पध्दती भाग 5 वा _c भातखंडे विष्णु नारायण |
||
| 250 | _a2 | ||
| 260 |
_c2005 _bपॉप्युलर प्रकाशन |
||
| 300 |
_a438 _bमोठा |
||
| 600 | _aहिंदुस्थानी संगीत पध्दती भाग 5 वा | ||
| 942 | _cBOOK | ||
| 999 |
_c241719 _d241719 |
||